00855nam a2200193 a 4500001001000000005001700010008004100027050002100068100001900089245003200108260004200140300002400182500025800206504003100464600004200495610006100537650003400598650002900632BRCA_118220190320203323.0820330s1972 nyua---##b---#000-0#eng-# 4aND413b.K45 19721 aKelemen, Pál10aPeruvian Colonial Painting. aNueva YorkbThe Brooklyn Museumc1972 a112 p.bil.c25 cm. aCatálogo de la exposición realizada en el Museo de Brooklyn, 8 diciembre, 1971 - 23 enero, 1972, en el Museo del Arte de la Universidad de Austin (Texas), 20 febrero - 26 marzo, 1972 y en el Museo de Isaac Delgado del Arte, 15 abril - 28 mayo, 1972 aBibliografía: p. 109-11014aDavis, Arthur Q.xColecciones de arte24aFondo Severo de la Familia de EdgarxColecciones de arte14aPintura peruanavExposiciones14aPintura colonialzPerú